00925cam a2200277K 4500999001500000001000700015003000400022005001700026008004100043020001500084035002300099035002400122040001300146049000900159082001600168090002100184100001700205245007700222260002700299300002900326504006800355600006000423650003900483942001200522952011300534 c1919d1919619006OSt20180921182155.0051215s2005 ii b 001 0 eng d a8172148283 a(OCoLC)ocm62614682 a(OCoLC)ocm62614682  aPTScPTS aPTSS a232bD7241C aBT205b.D67 20051 aDoss, Mohan.10aChrist in the Spirit :bcontemporary spirit Christologies /cMohan Doss. aDelhi :bISPCK,c2005. axxxiii, 382 p. ;c22 cm. aIncludes bibliographical references (p. [341]-374) and indexes.00aJesus ChristxPerson and officesxHistory of doctrines. 0aHoly SpiritxHistory of doctrines. 2ddccBK 00102ddc40708NFICaHMCbHMCcGENd2018-09-21l0o232 D7241Cp002779r2018-09-21 00:00:00w2018-09-21yBK